书目信息 |
| 题名: |
导盲机器人定位与路径规划技术
|
|
| 作者: | 陈超 著 | |
| 分册: | ||
| 出版信息: | 北京 国防工业出版社 2015 |
|
| 页数: | 197页 | |
| 开本: | 24cm | |
| 丛书名: | ||
| 单 册: | ||
| 中图分类: | TP242.3 | |
| 科图分类: | ||
| 主题词: | 视觉障碍--Shi Jue Zhang Ai--服务用机器人--研究 | |
| 电子资源: | ||
| ISBN: | 978-7-118-10684-8 | |
| 000 | 01031nam0 2200253 450 | |
| 001 | 1670950252 | |
| 005 | 20160215075310.3 | |
| 010 | @a978-7-118-10684-8@dCNY59.00 | |
| 100 | @a20160215d2015 em y0chiy50 ea | |
| 101 | 0 | @achi |
| 102 | @aCN@b110000 | |
| 105 | @aak a 000yy | |
| 106 | @ar | |
| 200 | 1 | @a导盲机器人定位与路径规划技术@ADao Mang Ji Qi Ren Ding Wei Yu Lu Jing Gui Hua Ji Shu@f陈超著 |
| 210 | @a北京@c国防工业出版社@d2015 | |
| 215 | @a197页@c图@d24cm | |
| 320 | @a有书目 (第195-197页) | |
| 330 | @a全书共分为九个章节,分别是概述、导盲机器人系统结构、导盲机器人室内定位技术、导盲机器人室内路径规划和导航方法、导盲机器人室外定位技术、导盲机器人室外路径规划及导航方法、导盲机器人人机交互技术研究、多导盲机器人信息交互系统设计和导盲机器人的应用等九章。 | |
| 333 | @a高校机械学类专业和近机专业本科生和研究生,相关工程技术人员。 | |
| 606 | 0 | @a视觉障碍@AShi Jue Zhang Ai@x服务用机器人@x研究 |
| 690 | @aTP242.3@v5 | |
| 701 | 0 | @a陈超@AChen Chao@4著 |
| 801 | 0 | @aCN@b江苏新华@c20150511 |
| 905 | @aBZT@dTP242.3@e2 | |
| 导盲机器人定位与路径规划技术/陈超著.-北京:国防工业出版社,2015 |
| 197页:图;24cm |
| 使用对象:高校机械学类专业和近机专业本科生和研究生,相关工程技术人员。 |
| ISBN 978-7-118-10684-8:CNY59.00 |
| 全书共分为九个章节,分别是概述、导盲机器人系统结构、导盲机器人室内定位技术、导盲机器人室内路径规划和导航方法、导盲机器人室外定位技术、导盲机器人室外路径规划及导航方法、导盲机器人人机交互技术研究、多导盲机器人信息交互系统设计和导盲机器人的应用等九章。 |
| ● |
| 相关链接 |
|
|
|
正题名:导盲机器人定位与路径规划技术
索取号:TP242.3/2
 
预约/预借
| 序号 | 登录号 | 条形码 | 馆藏地/架位号 | 状态 | 备注 |
| 1 | 800061 | 2000800061 | 第二书库/ [索取号:TP242.3/2] | 在馆 | |
| 2 | 800062 | 2000800062 | 第二书库/ [索取号:TP242.3/2] | 在馆 | |
| 3 | 800063 | 2000800063 | 第二书库/ [索取号:TP242.3/2] | 在馆 |